• 首页
  • 本馆介绍
  • 公告通知
  • 最新文献
  • 馆藏检索
  • 电子资源
  • 读者导购
  • 参考咨询
  • 我的图书馆
  • 登录
  • 详细信息显示
  • 放入我的书架
  • 预约/预借图书
  • 作者相关作品
  • 分类相关作品
  • 丛书相关作品
  • 出版社相关作品

书目信息

  • 表格格式
  • 工作单格式
  • 卡片格式
题名:
光电功能超薄膜
    
 
作者: 黄春辉
分册:  
出版信息: 北京   北京大学出版社  2001
页数: 501页
开本: 26cm
丛书名:
单 册:
中图分类: O484
科图分类:
主题词: 固体物理学
电子资源:
ISBN: 7-301-04792-4
000 00511nam0 2200181 450
001 0735592734
005 20070906095312.73
010    @a7-301-04792-4@d¥50.00
100    @a20070906d km y0chiy0120 ea
101 0  @achi
200 1  @a光电功能超薄膜@Aguang dian gong neng chao bao mo@f黄春辉@Fhuang chun hui
210    @a北京@c北京大学出版社@d2001
215    @a501页@d26cm
606 0  @a固体物理学
690    @aO484@v3
701  0 @a黄春辉@Ahuang chun hui
801  0 @aCN@bPFT@c20070906
905    @a213230@dO484@eP8@f1
    
    光电功能超薄膜/黄春辉.-北京:北京大学出版社,2001
    501页;26cm
    
    
    ISBN 7-301-04792-4:¥50.00
    
●
相关链接 在E读中查询图书 在五车中查询图书 在当当中查询图书 在豆瓣中查询图书


正题名:光电功能超薄膜     索取号:O484/P8         预约/预借

序号 登录号 条形码 馆藏地/架位号 状态 备注
1 7200840   272008409   密集书库-物理学院/ [索取号:O484/P8] 在馆    
2 7200841   272008418   密集书库-物理学院/ [索取号:O484/P8] 在馆    
唐山师范学院图书馆 欢迎您!
大连网信软件有限公司© 版权所有